Teoría y técnica del bobinado de máquinas eléctricas (Record no. 147174)

MARC details
000 -LEADER
campo de control de longitud fija 00562nam a2200169 i 4500
001 - NÚMERO DE CONTROL
campo de control 147174
003 - IDENTIFICADOR DE NÚMERO DE CONTROL
campo de control ES-MaACL
005 - FECHA Y HORA DE LA ÚLTIMA TRANSACCIÓN
campo de control 20230906201843.0
007 - CAMPO FIJO DE DESCRIPCIÓN FÍSICA--INFORMACIÓN GENERAL
campo de control de longitud fija t|
008 - DATOS DE LONGITUD FIJA--INFORMACIÓN GENERAL
campo de control de longitud fija 070924s1945 ag ||||1| spa d
100 1# - ENTRADA PRINCIPAL--NOMBRE DE PERSONA
Nombre de persona Turner, Norman Ludwig.
9 (RLIN) 111744
245 10 - MENCIÓN DEL TÍTULO
Título Teoría y técnica del bobinado de máquinas eléctricas
Resto del título : (tratado práctico del bobinador) /
Mención de responsabilidad, etc. Norman Ludwig Turner.
260 ## - PUBLICACIÓN, DISTRIBUCIÓN, ETC.
Lugar de publicación, distribución, etc. Buenos Aires :
Nombre del editor, distribuidor, etc. Albatros,
Fecha de publicación, distribución, etc. [1945]
300 ## - DESCRIPCIÓN FÍSICA
Extensión 464 p. :
Otras características físicas il. ;
Dimensiones 24 cm.
650 04 - PUNTO DE ACCESO ADICIONAL DE MATERIA--TÉRMINO DE MATERIA
Término de materia o nombre geográfico como elemento de entrada Máquinas eléctricas.
9 (RLIN) 14765
852 ## - LOCALIZACIÓN
Ubicación ES-MaACL
Número de control de estantería B-10741
Sublocalización o colección R.22211
Holdings
Estatus retirado Estado de pérdida Estado de daño No para préstamo Biblioteca de origen Biblioteca actual Ubicación en estantería Fecha de adquisición Fuente de adquisición Total de préstamos Signatura topográfica completa Código de barras Visto por última vez Precio de reemplazo Tipo de ítem Koha
        Biblioteca del Ateneo de Madrid Biblioteca del Ateneo de Madrid Sala Pardo Bazán 17/01/2008     B-10741 1153588 23/02/2023 23/02/2023 Libro impreso